Train up a child. (Record no. 14599)

000 -LEADER
fixed length control field 00622nam a2200193 a 4500
001 - CONTROL NUMBER
control field :::00012431$&:&@@
003 - CONTROL NUMBER IDENTIFIER
control field OkBaRHE
005 - DATE AND TIME OF LATEST TRANSACTION
control field 20000607103419.0
008 - FIXED-LENGTH DATA ELEMENTS--GENERAL INFORMATION
fixed length control field s1979 j 000 0 eng u
040 ## - CATALOGING SOURCE
Transcribing agency
100 1# - MAIN ENTRY--PERSONAL NAME
Personal name Sturgeon, Chuck.
245 10 - TITLE STATEMENT
Title Train up a child.
260 ## - PUBLICATION, DISTRIBUTION, ETC. (IMPRINT)
Place of publication, distribution, etc Tulsa, OK., :
Name of publisher, distributor, etc Harrison House
Date of publication, distribution, etc c1979
300 ## - PHYSICAL DESCRIPTION
Extent 32 p. ;
Dimensions 22 cm.
650 ## - SUBJECT ADDED ENTRY--TOPICAL TERM
Topical term or geographic name as entry element Family Life
General subdivision Education
942 ## - ADDED ENTRY ELEMENTS (KOHA)
Source of classification or shelving scheme
Koha item type Books
Copies
Permanent Location Date last seen Koha item type Not for loan Price effective from Damaged status Date acquired Shelving location Withdrawn status Full call number Copy number Lost status Barcode Source of classification or shelving scheme
RHEMA Bible Training College2010-04-14Books 2010-04-14 2010-04-14General Stacks HQ 731 .S71 12431 
RHEMA Bible Training College2010-04-14Books 2010-04-14 2010-04-14General Stacks HQ 731 .S72 15389